[Event "EU-ch 2nd"]
[Site "Ohrid"]
[Date "2001.06.09"]
[Round "8"]
[White "Almasi, Zoltan"]
[Black "Nevednichy, Vladislav"]
[Result "0-1"]
[WhiteElo "2640"]
[BlackElo "2563"]
[Annotator "Bangiev,A"]
[PlyCount "128"]
[EventDate "2001.06.01"]
[EventType "swiss"]
[EventRounds "13"]
[EventCountry "YUG"]
[SourceTitle "CBM 084"]
[Source "ChessBase"]
[SourceDate "2001.09.13"]
[SourceVersion "1"]
[SourceVersionDate "2001.09.13"]
[SourceQuality "1"]

1. e4 {Huzman} e5 2. Nf3 d6 3. d4 exd4 4. Qxd4 a6 5. Bc4 Nc6 6. Qd3 Nf6 (6...
Be7 7. Qb3 Na5 8. Bxf7+ Kf8 9. Qc3 Kxf7 10. Qxa5 Nf6 11. O-O Re8 12. Nc3 $16 {
1-0 Wiesmann,H-Schwarzkopf,C/Germany 1992/(27)}) (6... Be6 7. Bxe6 fxe6 8. Qb3
Qc8 9. Be3 Be7 10. Nbd2 Bf6 11. g4 g6 12. O-O-O $14 {1-0 Gonzalez,R-Busto,B/
MEX 1994/(22)} Nge7 13. h4 Qd7 14. e5 Nxe5 15. Ne4 Bg7 16. Nc5 Qc6 17. Nxe6 $16
{1-0 Gonzalez,R-Busto,B/MEX 1994/EXT 2000 (22)}) 7. h3 (7. Bg5 Be7 8. Nc3 Ne5
9. Nxe5 dxe5 10. Qxd8+ Bxd8 11. O-O-O b5 12. Bb3 Bb7 13. Bxf6 Bxf6 14. Bd5 $14
{1/2-1/2 Majzlan,I-Novak,I/Bratislava 1994/(30)} Rb8 15. Bxb7 Rxb7 16. Nd5 Bd8
17. Nb4 Be7 18. a3 Bxb4 19. axb4 Ke7 20. Rd5 f6 21. Rhd1 $14 {1/2-1/2 Majzlan,
I-Novak,I/Bratislava 1994/EXT 97 (30)}) 7... Be7 8. Nc3 O-O (8... Na5 $5 {
Huzman}) 9. Bb3 {[%cal Ya2d5,Yg2d5] Weiß hat mit den letzten Zügen die weißen
Felder im Zentrum abgesichert.} Nd7 $5 {Die Platzierung des Springers auf e5
ist eine der wichtigen Ideen des Schwarzen in derartigen Stellungen.} (9... Na5
{Huzman}) 10. Be3 Nce5 11. Nxe5 (11. Qe2 $5 {Huzman} Nxf3+ 12. gxf3 Bf6 13.
O-O-O $13 {would lead to a more complicated position.}) 11... dxe5 $1 {Dies
sollte das schwarze Zentrum sichern. Die folgenden Züge 12...c6 und 13...Qc7
können die Kontrolle über die wichtigen Felder d6 und e5 noch verbessern. Es
droht Nc5 mit Vereinfachung der Stellung zu Gunsten des Nachziehenden.} (11...
Nxe5 12. Qe2 $1 (12. Qd2 Be6) 12... Bg5 (12... Be6 13. O-O {/\f4}) 13. f4 Bh4+
14. Bf2 Ng6 (14... Bxf2+ 15. Qxf2 $14) 15. g3 Bf6 16. Qf3 Re8 17. O-O-O Bxc3 $6
18. Qxc3 Rxe4 19. Bd4 $36) 12. O-O-O (12. O-O Nc5 13. Qxd8 Rxd8 14. Nd5 Nxb3
15. Nxe7+ Kf8 $11) (12. Nd5 {Huzman} Bc5 (12... Nc5 {Huzman} 13. Nxe7+ Qxe7 14.
Bxc5 Qxc5 15. O-O-O $14) 13. O-O-O c6 $11) 12... c6 (12... Nc5 $2 13. Bxc5 $1
Qxd3 14. Bxe7 $1 $18) 13. f4 ({Weiß hat hier auch andere Möglichkeiten, z.B.} 
13. Rd2 Qa5 14. Rhd1 {mit Druck auf der offenen d-Linie.}) (13. g3 {/\f4} Qc7
14. f4 Nc5 $132) 13... exf4 $1 {Dies stellt ein typisches Verfahren in
derartigen Stellungen dar. Die Idee besteht darin, die Kontrolle über das
Schlüsselfeld e5 zu sichern.} (13... Qc7 14. f5 Nc5 15. Bxc5 Bxc5 16. f6 $1)
14. Bxf4 Bg5 {Damit verfolgt der Nachziehende das Ziel das Feld e5 besetzen zu
können.} (14... Nc5 $5 15. Qg3 Nxb3+ 16. axb3 (16. cxb3 {Huzman} Qa5 17. Rhf1
Qh5 $11) 16... Qa5 17. Kb1 (17. Bh6 $6 Bf6) 17... Be6 $132) 15. g3 $1 (15. Rhf1
Bxf4+ 16. Rxf4 Qg5 $132 {/\Ne5}) (15. Bxg5 $6 Qxg5+ 16. Kb1 Nc5 $15) 15... Qe7
{/\Nc5} (15... Qa5 $5 16. Qd2 Bf6 $5) 16. Qd2 {Weiß versucht damit den Kampf
um das Feld e5 zu gewinnen und die Kontrolle über die d-Linie zu erhalten.} (
16. Kb1 Nc5 17. Bd6 Nxd3 18. Bxe7 Bxe7 19. Rxd3 b5 $36) (16. Qe3 Bxf4 17. gxf4
Nc5 18. Rhg1) 16... Bxf4 $8 17. gxf4 Nc5 {'<=>' Huzman.} 18. f5 $5 {[%mdl 32]
'!' Huzman. Huzman: 'By this move White is arresting the Bc8's development and
securing control over the "d" file.' Ein offenbar aktiver Zug, der u.a. Bc8-e6
verhindert.} (18. Qd6 {Huzman} Qxd6 19. Rxd6 Re8 20. e5 (20. f5 {Huzman} Kf8
21. Rd4 g6 $15) 20... Nxb3+ 21. axb3 Bf5 $11) 18... Kh8 (18... Bd7 {Der Läufer
c8 hat momentan keinen guten Zug.} 19. Rhg1 Rad8 20. Qf4 $36) (18... b5 {Huzman
} 19. Rhg1 Kh8 20. Rg4 b4 21. Qd4 f6 22. Na4 $16) 19. Rhg1 {Der Angriff auf
den Bauern g7 ist nun die einzige weiße Chance.} ({In my opinion, White would
have had a better chance for an advantage in the endgame,had he played} 19. Qd6
$5 {Huzman} Qxd6 20. Rxd6 g6 (20... a5 {Huzman} 21. Bc4 b5 (21... g6 {Huzman}
22. Rf1 $36) 22. Rxc6 Nxe4 23. Nxe4 bxc4 24. Nd6 $16) 21. Rf1 $1 (21. f6 {
Huzman} Nxb3+ 22. axb3 Be6 23. h4 Bg4 (23... Rad8 {Huzman} 24. Rhd1 Rxd6 25.
Rxd6 Re8 26. Kd2 h6 $132) 24. Rh2 Rad8 25. Rhd2 Rxd6 26. Rxd6 Re8 27. Kd2 h6
28. Ke3 g5 $132)) 19... a5 $1 {Eine gute Idee. Schwarz wollte den Läufer b3
nicht tauschen, sondern ihn angreifen, um seine verwundbare Stellung
auszunutzen. /\a4!} 20. Rg4 $5 {[%mdl 32] Weiß beabsichtigt durch die
Verdoppelung auf der g-Linie den Tausch auf b3 mit folgendem f7-f6 zu
erzwingen; dann kommen die Angriffsmöglichkeiten auf der h-Linie sehr gut in
Betracht.} a4 $1 {[%mdl 512] Schwarz opfert den Bauern, um den Anziehenden von
Aktionen am Königsflügel abzulenken.} (20... f6 $6 {Schauen wir nun an, was
der Angriff auf der h-Linie konkret bringen sollte.} 21. Rdg1 Nxb3+ 22. axb3
Rg8 23. Qf2 (23. Ne2 a4 24. Nf4 g5 $1) 23... b5 {Dies ist zu langsam und
verursacht Probleme am Königsflügel.} (23... a4 $5 24. Rh4 (24. bxa4 b5 $5)
24... h6 25. bxa4 (25. Rg6 a3 $1 $40)) 24. Rh4 {/\Rh7!} (24. Qh4 {/\Qh7!} g5 $1
) 24... Rd8 (24... h6 25. Rg6 a4 26. Qf4 $18) 25. Ne2 $5 (25. Rh5 a4 26. Qh4 (
26. bxa4 b4) (26. b4 a3) 26... Bxf5 $1 {Der direkte Angriff auf der h-Linie
ist damit gescheitert.} 27. exf5 Qe3+ $19) 25... a4 26. Nf4 {/\Ng6} Qd7 (26...
Kg8 27. Rxh7 Kxh7 28. Qh4+ Kg8 29. Ng6 $18 {es droht Qh8 nebst Ne5! gefolgt
von Rg7 Matt!}) 27. b4 a3 28. bxa3 Rxa3 29. Ng6+ Kg8 30. Rxh7 $1 {Die Folgen
dieses Turmopfers sind exakt vorauszuberechnen.} Ra1+ (30... Kxh7 31. Qh4+ Kg8
32. Qh8+ Kf7 33. Ne5+ $18) 31. Kb2 Rxg1 32. Rh8+ Kf7 33. Rxd8 Qxd8 34. Qxg1 $16
) 21. Qd4 (21. Bc4 b5 $36 22. Bd3 b4 23. Ne2 b3 $132) 21... f6 22. Nxa4 (22.
Bxa4 $142 {Huzman} b5 (22... Nxa4 {Huzman} 23. Nxa4 b5 24. Qc5 Qxc5 25. Nxc5
Rxa2 26. Kb1 Ra7 27. Rd6 g6 $132 {/+/=}) 23. Bb3 b4 24. Nb1 Re8 $44) 22... Nxa4
$1 (22... Nxb3+ 23. cxb3 b5 24. Nc3 $14 c5 25. Qd6 Qxd6 26. Rxd6 b4 27. Na4 c4
28. Nb6 Rxa2 29. bxc4 $16) 23. Bxa4 b5 24. Bb3 c5 $1 {Die Pointe der
vorangegangenen Züge. /\c4} 25. Qd5 $8 Ra7 {'©' Huzman. Für den geopferten
Bauern besitzt Schwarz vorübergehend die Initiative. Es droht 25...c4 sowie 25.
..Rd7.} 26. c4 $6 {Dieser aktive Zug sollte die weiße Stellung mit einer neuen
Schwäche auf c4 überlasten.} (26. c3 Rd7 (26... c4 27. Bc2 Rxa2 28. Qxb5 Ra1+
29. Bb1 $14 Qa7 30. Qxc4 Qe3+ 31. Kc2 Qf2+ 32. Rd2 Qe1 33. Rd1 Qf2+ $11) 27.
Qc6 c4 (27... Rxd1+ 28. Bxd1 Rd8 29. Qxb5 Bxf5 30. exf5 Qe3+ 31. Kc2 Qd2+ 32.
Kb3 Qxd1+ 33. Ka3 Qd5 $44) 28. Bc2 Rxd1+ 29. Bxd1 (29. Kxd1 {Huzman} Rd8+ 30.
Kc1 Bxf5 $17) 29... Bxf5 30. exf5 Qe3+ 31. Kb1 Qd3+ 32. Kc1 Qe3+ $11) (26. Rdg1
{Huzman} c4 27. Rxg7 Qxg7 28. Rxg7 Rxg7 29. Bxc4 bxc4 30. Qxc4 Re7) 26... Rd7
27. Qc6 Rxd1+ 28. Kxd1 {'?' Huzman.} (28. Bxd1 bxc4 $15) 28... Rd8+ {Schwarz
verwendet eine genaue Zugfolge, um möglichst viel aus der Stellung
herauszubekommen.} (28... Bxf5 $5 29. Rf4 (29. exf5 Rd8+ 30. Qd5 bxc4 $19)
29... Bd7 $16) 29. Kc1 bxc4 (29... Bxf5 $5 30. Rf4 Bd7 $17) 30. Bxc4 Bxf5 $1 {
'-+' Huzman.} 31. Rf4 Bxh3 $17 32. Qb6 h6 33. Rf3 Bg2 34. Rd3 Re8 35. Re3 f5 (
35... Qe5 $1 {[%cal Yf6f5] Huzman}) 36. Qg6 Bxe4 $19 (36... f4 {Huzman} 37. Re1
Bxe4 $19) 37. Bf7 {'!' Huzman.} Rf8 (37... Rd8 $1 {Huzman} 38. Qxf5 (38. Rh3 {
Huzman} f4 $19) 38... Qd6 $19) 38. Qxf5 Rxf7 39. Qxe4 Qxe4 40. Rxe4 g5 {
'-/+' Huzman.} 41. Rc4 Kh7 (41... Rf5 {Huzman} 42. a4 h5 43. a5 $132) 42. Rxc5
g4 43. Kd2 Kg6 (43... Rf2+ {Huzman} 44. Ke3 Rxb2 45. Kf4 Rb4+ 46. Kg3 Kg6 47.
Kh4 $11) 44. b4 h5 45. Ke3 Rf3+ (45... g3 {Huzman} 46. Rc8 h4 47. Rg8+ Kh5 48.
a4 $132) 46. Ke4 Rf2 47. a4 Rb2 48. Rc4 g3 49. Kf3 (49. b5 {Huzman} h4 50. Kf3
Rf2+ 51. Ke3 Kh5) 49... g2 50. Rc8 {'?' Huzman.} (50. Rc1 {Huzman} Kg5 51. Rg1
$11) 50... g1=N+ 51. Ke3 Rb3+ 52. Kd4 Ne2+ 53. Ke5 Rxb4 54. Ra8 h4 55. a5 h3
56. Rh8 Rb5+ 57. Ke4 Rh5 58. Rxh5 Kxh5 59. Kf3 Kh4 60. Kf2 Nf4 61. Kg1 Kg3 62.
a6 h2+ 63. Kh1 Nh3 64. a7 Nf2# 0-1

[Event "Olympiad-31"]
[Site "Moscow"]
[Date "1994.12.12"]
[Round "11.4"]
[White "Rytshagov, Mikhail"]
[Black "Nevednichy, Vladislav"]
[Result "1-0"]
[WhiteElo "2460"]
[BlackElo "2470"]
[Annotator "Belov,I"]
[PlyCount "73"]
[EventDate "1994.12.01"]
[EventType "team-swiss"]
[EventRounds "14"]
[EventCountry "RUS"]
[SourceTitle "CBM 045"]
[Source "ChessBase"]
[SourceDate "1995.04.01"]
[SourceVersion "1"]
[SourceVersionDate "1995.04.01"]
[SourceQuality "1"]
[WhiteTeam "Estonia"]
[BlackTeam "Romania"]
[WhiteTeamCountry "EST"]
[BlackTeamCountry "ROU"]

1. e4 d6 2. d4 Nf6 3. Nc3 e5 4. Nf3 Nbd7 5. Bc4 Be7 6. O-O O-O 7. Re1 c6 8. a4
a5 9. h3 (9. Ba2 h6 10. h3 Nh7 11. Be3 Ng5 12. Nd2 Nb6 13. Nc4 Nxc4 14. Bxc4
exd4 15. Bxd4 Be6 16. Qd3 $14 {Cseshkovsky,V-Malaniuk,V/Beskidy/1992/}) 9... h6
10. Be3 Re8 11. Qb1 $5 {N/} (11. d5 $5 Nb6 12. Bb3 cxd5 13. Bxb6 Qxb6 14. Nxd5
Nxd5 15. Qxd5 Be6 16. Qd3 Rac8 17. Rad1 Rc6 $14 {Tseitlin,Mi-Shirazi,K/Bagneux/
1994/}) (11. Qd3 Bf8 12. Rad1 Nh5 $132) (11. Qd2 Bf8 12. Rad1 Qc7 13. Ba2 (13.
Bf1 $5) 13... exd4 14. Bxd4 Ne5 $10 {Djurhuus,R-Nevednichy,V/Manila(ol)/1992/})
(11. Ba2 Nh7 (11... Qc7 $5 12. Nh4 Nf8 13. Qf3 Be6 $10 {Epishin,V-Adams,M/
Terrassa/1991/}) 12. Ne2 Ng5 13. Ng3 Bf6 $6 (13... Nxf3+ 14. Qxf3 Bf6 $14) 14.
Nxg5 Bxg5 15. Qh5 Qf6 16. Nf5 d5 $8 17. dxe5 Rxe5 18. Bd4 g6 19. Bxe5 Nxe5 20.
Qe2 gxf5 21. exd5 $16 {Malaniuk,V-Maljutin,E/Beskidy/1992/}) 11... Nh7 (11...
Qc7 12. Qa2 Rf8 13. Rad1 exd4 14. Nxd4 (14. Bxd4 Ne5 15. Be2 Be6 $10) 14... Ne5
15. Bf1 $14) 12. Qa2 Rf8 13. Rad1 Qc7 14. Ne2 Ng5 15. Nxg5 Bxg5 16. Ng3 Bxe3
17. Rxe3 exd4 (17... Nf6 $5 18. Qb3 Re8 $14) 18. Rxd4 Ne5 19. Bf1 Be6 20. Qa3
c5 (20... Rad8 21. f4 c5 $8 22. Rd2 Nc6 $13) 21. Rd2 g5 $6 (21... Ng6 22. Nf5
Rad8 23. Rg3 d5 $5) (21... Nc6 22. f4 Rad8 23. f5 Bc8 24. f6 g6 $13) 22. Nh5 f6
23. f4 $16 gxf4 (23... Nc6 24. Rf2 Nd4 25. Qd3 $40) 24. Nxf4 Qe7 25. Rg3+ Kh7
26. Nh5 Rg8 27. Rf2 Raf8 28. Rxg8 Bxg8 29. Qg3 Be6 30. Qf4 Kg6 $8 (30... Nd7
31. Bb5 $16) 31. Be2 Rf7 32. Qg3+ Kh7 33. Qh4 Kg6 34. Bg4 $1 Bxg4 35. hxg4 Kh7
$2 (35... Nd7 36. Ng3 Kh7 37. Nf5 Qf8 $16) 36. Nxf6+ $18 Kg7 37. g5 1-0

[Event "Kurgan"]
[Site "Kurgan"]
[Date "1995.??.??"]
[Round "3"]
[White "Kupreichik, Viktor D"]
[Black "Chuprov, A."]
[Result "1-0"]
[WhiteElo "2500"]
[BlackElo "2420"]
[Annotator "Belov,I"]
[PlyCount "81"]
[EventDate "1995.??.??"]
[EventType "tourn"]
[EventRounds "11"]
[EventCountry "RUS"]
[EventCategory "9"]
[SourceTitle "CBM 049 Extra"]
[Source "ChessBase"]
[SourceDate "1996.01.01"]
[SourceVersion "1"]
[SourceVersionDate "1996.01.01"]
[SourceQuality "1"]

1. e4 d6 2. d4 Nf6 3. Nc3 e5 4. Nf3 Nbd7 5. Bc4 Be7 6. O-O O-O 7. a4 a5 8. Re1
c6 9. Ba2 Re8 10. h3 Bf8 11. Be3 h6 12. Nh4 (12. Nd2 Nb6 $5 (12... exd4 13.
Bxd4 Nc5 14. Qf3 Be6 15. Bxe6 Rxe6 16. Bxc5 dxc5 17. Rad1 Qc7 18. Nc4 $14 {
Balashov,Y-Berezjuk,S/Pinsk/1993/1:0/38/}) 13. f4 exf4 14. Bxf4 d5 15. e5 Nh7
16. Nf3 Bb4 17. Bb3 Nf8 $10 {Pugachov,A-Pospelov,E/Kurgan(09)/1995/1:0/37/}) (
12. d5 Nb6 13. Qd3 Bd7 14. Nd2 Be7 (14... c5 $14) 15. Nc4 Nc8 16. f4 $1 exf4
17. Bxf4 cxd5 18. exd5 $16 {Tseitlin,M.S-Nevednichy,V/Tiraspol/1994/1:0/54/}) (
12. dxe5 dxe5 13. Qd3 $5 Bb4 14. Qc4 Qe7 15. Nh4 Nc5 $6 16. Bxc5 Bxc5 17. Ng6
Qd6 18. Qxf7+ $16 {Markowski,T-Pederson,S/Katowice/1993/1:0/38/}) 12... d5 13.
exd5 (13. dxe5 $2 Nxe4 14. Nxd5 Nxe5 15. Nb6 Qxh4 16. Nxa8 Bxh3 17. Qe2 Bg4 18.
f3 Ng3 19. Qd1 Bxf3 {Shtyrenkov,V-Pederson,S/Katowice/1993/0:1/}) 13... Nxd5
14. Bxd5 Qxh4 (14... cxd5 15. Nf5 (15. Nxd5 $2 Qxh4 16. Nc7 exd4 $19) 15... Nb6
$13 (15... Nf6 16. dxe5 Bxf5 17. exf6 $16)) 15. Bb3 Nf6 16. dxe5 Rxe5 17. Qd4
$1 Qxd4 18. Bxd4 Rxe1+ 19. Rxe1 $16 Bf5 20. g4 $1 Bd7 (20... Bg6 21. f4 $16)
21. Rd1 $1 Be8 (21... Be6 22. Bxe6 fxe6 23. Bxf6 gxf6 24. Rd7 $16) 22. Bxf6 $1
gxf6 23. Ne4 Be7 24. Ng3 b5 (24... Rd8 25. Rxd8 Bxd8 26. Nf5 Kh7 27. Nd6 Bd7
28. Nxb7 $18) 25. Re1 $1 Kf8 (25... Bf8 26. Nh5 Bg7 27. Re7 $16) 26. Nf5 Bc5
27. Rd1 $1 (27. Nxh6 Rd8 $132) 27... Rb8 $1 (27... h5 28. gxh5 $18) 28. Nxh6
bxa4 29. Bxa4 Rxb2 30. Rd8 Ke7 31. Ra8 Bd7 (31... Ra2 32. Nf5+ Kd7 33. Rxa5 $18
) (31... Bb6 32. Ng8+ Kd7 33. Nxf6+ $18) 32. Rxa5 Bb6 33. Ra6 Rb4 34. Bb3 Kd6
$6 (34... Be6 $142 35. Ng8+ Kf8 36. Nxf6 Bxb3 37. cxb3 Rxb3) 35. Nxf7+ Kc7 36.
Nh6 (36. Ra4 $18) 36... c5 37. Ng8 (37. Bf7) 37... Kd8 (37... c4 38. Ba2 Kb7
39. Ra3 $18) 38. Nxf6 c4 39. Bxc4 $18 Rb1+ 40. Kg2 Bc6+ 41. Bd5 1-0

[Event "Smederevska Palanka"]
[Site "Smederevska Palanka"]
[Date "1982.??.??"]
[Round "2"]
[White "Sax, Gyula"]
[Black "Kurajica, Bojan"]
[Result "1/2-1/2"]
[WhiteElo "2550"]
[BlackElo "2510"]
[Annotator "Belov,I"]
[PlyCount "67"]
[EventDate "1982.06.??"]
[EventType "tourn"]
[EventRounds "13"]
[EventCountry "YUG"]
[EventCategory "9"]
[SourceTitle "MCL"]
[Source "ChessBase"]
[SourceDate "1999.07.01"]
[SourceVersion "1"]
[SourceVersionDate "1999.07.01"]
[SourceQuality "1"]

1. e4 e5 2. Nf3 d6 3. d4 exd4 4. Nxd4 g6 5. Nc3 Bg7 6. Be3 (6. h4 Nf6 7. Bg5 h6
8. Bf4 Nc6 9. Nb3 Qe7 $1 10. Qe2 $8 a5 11. a4 O-O 12. O-O-O Re8 13. f3 Nb4 $14
{Istratescu,A-Barbero,G/Martigny/1993/1:0/34/}) 6... Nf6 7. Qd2 Nc6 8. f3 (8.
O-O-O Ng4 9. Nxc6 bxc6 10. Bd4 $14) 8... O-O 9. O-O-O Re8 $5 (9... Nxd4 10.
Bxd4 Be6 11. g4 $1 (11. Kb1 c5 12. Be3 Qa5 13. h4 h5 14. Bh6 Rfd8 15. Bg5 $1
Rd7 16. Bxf6 Bxf6 17. Nd5 Qd8 18. Bb5 $1 $16 {Pranstetter,E-Plachekka,J/CSR/
1985/1:0/38/}) (11. Be3 $5 Re8 12. Bg5 $1 Qe7 13. g4 $16 {Chernin,A-Zaitshik,G/
Lvov/1987/}) 11... c5 12. Be3 Qa5 13. Bh6 (13. Kb1 $6 Rfd8 14. Be2 b5 15. Nd5
Qa4 16. Nc3 Qa5 17. h4 b4 18. Nd5 Bxd5 19. exd5 Nd7 20. h5 $16 {Ernst,
J-Plachetka,J/Gausdal/1985/}) 13... Bxh6 (13... Rfd8 14. Bxg7 Kxg7 15. h4 h5
16. gxh5 Nxh5 17. Rg1 b5 18. Qg5 b4 19. Nb1 $16 {Yurtaev,L-Gulko,B/Frunze/1985/
}) 14. Qxh6 b5 15. Bxb5 Rab8 16. a4 $1 a6 17. Rxd6 $1 $16 {Makarichev,
S-Tukmakov,V/Palma de Mallorca/1989/1:0/37/}) 10. g4 (10. h4 $5 a6 11. h5 Nxh5
12. Qf2 Nxd4 13. g4 $1 Nb5 14. Bxb5 axb5 15. gxh5 b4 $13 {Rasidovic,
S-Abramovic,B/Zurich/1981/1:0/34/}) 10... a6 11. h4 Ne5 12. Be2 b5 13. Bh6 (13.
h5 $6 c5 14. Nb3 c4 15. Nd4 b4 16. Nd5 Nxd5 17. exd5 c3 $1 $17) 13... b4 (13...
Bh8 $6 14. h5 c5 15. Nf5 $1 $16) 14. Bxg7 Kxg7 15. Nd5 c5 $1 $13 (15... Nxd5
16. exd5 $16) 16. Nxf6 Qxf6 17. Nb3 c4 18. Na5 (18. Nd4 $142) 18... Nxf3 19.
Bxf3 Qxf3 20. Nxc4 (20. Qxd6 $6 c3 $17) 20... Rxe4 21. Nxd6 (21. Rhf1 Qe2 22.
Nxd6 Qxd2+ 23. Rxd2 Re7 $10) 21... Re2 22. Qd4+ Kg8 23. Rhf1 Qc6 (23... Qxg4 $6
24. Rf4) 24. Rd2 Rxd2 25. Kxd2 Be6 26. Ne4 Qc4 $1 27. Nf6+ Kh8 $8 28. Qxc4 Bxc4
29. Rf4 Rd8+ $1 30. Kc1 $6 (30. Ke3 $5 Bxa2 31. Rxb4 Kg7 32. g5 h6 33. Ra4 Bb1
34. c3 $14) 30... Be2 $1 31. b3 Kg7 32. g5 a5 $15 33. Re4 Bf3 34. Re8 $1 (34.
Re8 Rxe8 35. Nxe8+ Kf8 36. Nf6 $10) 1/2-1/2

[Event "Chigorin Memorial 07th"]
[Site "St Petersburg"]
[Date "1999.11.08"]
[Round "7"]
[White "Khmelnitski, Alexander"]
[Black "Soldatenkov, Kusma"]
[Result "0-1"]
[WhiteElo "2444"]
[BlackElo "2335"]
[Annotator "Blatny,P"]
[PlyCount "70"]
[EventDate "1999.11.02"]
[EventType "swiss"]
[EventRounds "9"]
[EventCountry "RUS"]
[SourceTitle "CBM 074"]
[Source "ChessBase"]
[SourceDate "2000.02.01"]
[SourceVersion "1"]
[SourceVersionDate "2000.02.01"]
[SourceQuality "1"]

1. e4 e5 2. Nf3 Qe7 3. Nc3 c6 4. d4 d6 5. Bc4 (5. dxe5 dxe5 6. Bc4 Nd7 $11 (
6... g6 7. Ng5 Nh6 8. h4 f6 9. Nh3 Nd7 10. a4 Nb6 11. Bb3 Be6 12. a5 Nd7 13.
Bxe6 Qxe6 14. Qe2 Nf7 15. h5 $132 {1-0 Shtyrenkov,V-Khuseinov,P/Sevastopol
1986/EXT 98 (48)})) (5. Bg5 $5 Nf6 6. h3 h6 7. Be3 Nbd7 8. Qd2 g5 $6 9. O-O-O
Bg7 10. h4 $1 g4 11. Ng1 Nh5 12. Be2 exd4 13. Bxd4 Ne5 14. Be3 $1 Bf8 15. Bd3
g3 $6 16. f3 Be6 17. Be2 b5 18. Qd4 Qf6 19. Nh3 Bxh3 20. Rxh3 Rg8 21. Kb1 $16 {
1-0 Pavasovic,D-Bawart,M/Graz 1998/EXT 99 (23)}) (5. a4 $5 Bg4 6. Be2 (6. dxe5
dxe5 7. h3 Bh5 8. g4 Bg6 9. h4 h5 10. g5 Qc7 11. Bh3 Bb4 12. O-O Ne7 $11 {
Varga,Z-Seres,L/Budapest 1996/CBM 57}) 6... Bxf3 7. Bxf3 Nf6 8. O-O Qc7 9. Be3
g6 10. Be2 Nbd7 11. f4 Bg7 12. Kh1 O-O 13. dxe5 dxe5 14. f5 $40 {Ratcu,T-Blank,
E/Sao Paulo 1996/CBM 51 ext}) 5... h6 (5... Bg4 6. dxe5 dxe5 7. h3 Bh5 8. O-O
Nf6 9. a4 $14 {0-1 Acs,P-Varga,Z/Lillafured 1999/CBM 70/[Blatny,P] (32)}) (5...
Nd7 6. O-O h6 7. a4 g5 8. b4 Nb6 9. Bb3 Bg4 10. dxe5 dxe5 11. Qd3 Qf6 12. b5
Bxf3 $13 {1-0 Nedzmedin,S-Brankovic,D/Skopje 1998/EXT 2000 (50)}) (5... g6 6.
Bg5 f6 7. Be3 Nh6 8. O-O Bg7 9. a4 Nd7 10. a5 Nf8 11. Bb3 Bg4 12. h3 exd4 13.
Bxd4 Be6 14. Nd5 cxd5 15. exd5 Bf5 16. Re1 Be4 17. Nh2 Nd7 18. f3 f5 19. fxe4
$16 {1-0 Georgiev,K-Latas,B/Myslenice 1987/EXT 97 (33)}) 6. h3 (6. a4 Nf6 7.
O-O Bg4 8. Re1 Nbd7 9. d5 Nb6 10. Bf1 cxd5 11. a5 Nbd7 12. Nxd5 Nxd5 13. Qxd5
$14 {1/2-1/2 Feher,G-Ezsol,M/Balatonbereny 1996/CBM 53 ext (45)}) 6... Qc7 7.
O-O Be7 8. a4 Nf6 9. dxe5 dxe5 10. Nh4 {[%csl Rf5][%cal Gd1f3,Gf3f5,Gh4f5]} g5
11. Nf5 Bxf5 (11... Nxe4 12. Qh5 Nxc3 13. Qxf7+ (13. bxc3 $143 Bf8 (13... Bxf5
$143 14. Qxf7+ Kd8 15. Qxf5 $14) 14. Bd3 Bxf5 15. Bxf5 Bg7 $15) 13... Kd8 14.
Nxe7 Qxe7 15. Qxe7+ Kxe7 16. bxc3 $14) 12. exf5 Nbd7 13. Be3 Kf8 (13... O-O {
[%csl Rg5,Rg8,Rh6][%cal Ge3h6]}) 14. Qe2 Kg7 (14... Rd8 15. a5 $14) 15. Bb3 Qa5
16. Qc4 {[%csl Gf7,Rg7,Rh6,Rh8][%cal Gc4f7]} Rhf8 17. h4 Nb6 18. Bxb6 (18. Qe2
gxh4 19. Rfe1 Bb4 $11) 18... axb6 19. Ne4 Qb4 (19... b5 20. Qe2 gxh4 21. Nxf6
Bxf6 22. Qg4+ $13) 20. Nxf6 Kxf6 21. Qe2 (21. h5 $5) 21... Qxh4 22. Rfe1 (22.
Rad1 Qf4 $15) 22... Qf4 23. Rad1 Bc5 24. c3 (24. Rd3 e4 25. Rd7 Rad8 $17) 24...
g4 25. Kh1 Bxf2 26. Rf1 g3 27. Qh5 Qg5 28. Bxf7 (28. Qxg5+ hxg5 29. Rd6+ Kxf5
30. Rxf2+ gxf2 31. g4+ Kf4 32. Kg2 $19) 28... Qxh5+ (28... Rxf7 29. Rd6+ Ke7
30. Rd7+ Kxd7 31. Qxf7+ Kd8 32. Rd1+ Bd4 33. Qf8+ Kc7 34. Qf7+ Kb8 35. cxd4
Qh4+ 36. Kg1 Qh2+ 37. Kf1 Qh1+ 38. Ke2 Qxg2+ 39. Kd3 e4+ $19) 29. Bxh5 Rxa4 $19
30. b4 e4 31. Bg4 Kg5 32. Bh3 e3 33. Rd4 e2 34. Rg4+ Kf6 35. Rg6+ Kf7 0-1

[Event "Tilburg"]
[Site "Tilburg"]
[Date "1994.??.??"]
[Round "1"]
[White "Ye, Jiangchuan"]
[Black "Cifuentes Parada, Roberto"]
[Result "1-0"]
[WhiteElo "2575"]
[BlackElo "2490"]
[Annotator "Blatny,P"]
[PlyCount "81"]
[EventDate "1994.09.??"]
[EventType "k.o."]
[EventRounds "7"]
[EventCountry "NED"]
[SourceTitle "CBM 044"]
[Source "ChessBase"]
[SourceDate "1995.02.01"]
[SourceVersion "1"]
[SourceVersionDate "1995.02.01"]
[SourceQuality "1"]

1. e4 e5 2. Nf3 d6 3. d4 Nf6 4. Nc3 Nbd7 5. Bc4 Be7 6. O-O O-O 7. Re1 c6 8. a4
Qc7 (8... a5 9. h3 h6 10. Be3 Re8 11. d5 $142 (11. Ba2 Bf8 (11... exd4 $142 $10
) 12. d5 Nb6 13. Qd3 cxd5 14. Bxb6 Qxb6 15. Nxd5 $14) 11... Nb6 12. Bb3 cxd5
13. Bxb6 {/\><d5} (13. Nxd5 Nbxd5 14. Bxd5 Nxd5 15. Qxd5 Be6 $13) 13... Qxb6
14. Nxd5 Nxd5 15. Qxd5 Be6 16. Qd3 Rac8 (16... Bxb3 17. cxb3 {/\Nd2-c4}) 17.
Rad1 Rc6 {Tseitlin-Shirazi/Bagneux/1994/} 18. Bd5 Bxd5 19. exd5 Rc5 20. b3 $1 {
/\c4+/=}) (8... exd4 9. Nxd4 Re8 10. Be3 Bf8 {+/=/=}) 9. a5 (9. h3 b6 10. Bg5
Bb7 11. dxe5 $14) 9... Rb8 10. d5 b5 (10... cxd5 11. Bxd5 $14) 11. axb6 Nxb6
12. Bf1 (12. Bb3 $2 cxd5 13. exd5 Bd7 $15) 12... cxd5 13. exd5 Qb7 (13... Bd7
14. h3 (14. Be3 Ng4 $132) 14... Qb7 15. Be3 $5 (15. Ba6 $14) 15... Nfxd5 16.
Nxd5 Nxd5 17. Rxa7 Qc6 18. Rxd7 Nxe3 19. Nxe5 $1 dxe5 $1 20. Rxe3 Bc5 $132) 14.
Ra5 Bg4 (14... Bd7 $142) 15. h3 Bh5 16. g4 Bg6 17. Nh4 Bd8 18. Nxg6 {^^} hxg6
19. g5 Nh5 20. Ne4 $16 Nc8 21. Ra3 Bb6 22. Ba6 Qd7 (22... Qc7 $142 23. Be2 f5
$5) 23. Be2 Nf4 (23... f5 $142 24. gxf6 Nxf6 25. Bg4 Nxg4 26. hxg4 $16) 24. Bg4
Qd8 25. Rf3 Ne7 (25... Nh5 26. Bxh5 gxh5 27. Nf6+ $1 gxf6 28. gxf6 $18) 26.
Bxf4 exf4 27. c3 (27. Rxf4 Ba5 $1) 27... f5 28. gxf6 gxf6 29. Be6+ Kg7 30. Rxf4
$18 f5 31. Ng3 (31. Ng5 $2 Nxd5 $1) 31... Rf6 32. Rh4 $6 Rf8 33. Rf4 Rf6 34.
Qf3 Qh8 (34... Bc5 35. Qg2 Kf8 36. Rh4 $18) 35. Bd7 Kf7 36. h4 Qg7 37. Be6+ Kf8
38. Ne4 $1 g5 39. hxg5 (39. Nxf6 $4 gxf4+) 39... Rh6 40. Qg4 Rh7 41. Bxf5 1-0